000 00602nam a2200193Ia 4500
003 GCL
008 140319s9999 xx 000 0 ara d
040 _aGCL /
_cGCL
082 0 4 _a153
_bف ع
100 1 _aفتحى مصطفى الشرقاوى
245 1 0 _aعلم النفس السياحى /
_cفتحى مصطفى الشرقاوى
260 _aالقاهرة :
_bدار اتون ،
_c2003
300 _a214 ص ؛
_c24 سم
650 0 4 _aالانفعالات النفسية
650 0 4 _aالذكاء
650 0 4 _aالادراك
650 0 4 _aعلم النفس السياحى
942 _2ddc
_cBK
999 _c6012
_d6012